|
|
|
|
| LEADER |
00000nam a2200000 a 4500 |
| 001 |
vtls001374506 |
| 003 |
SK-MaSNL |
| 005 |
20260302000603.0 |
| 008 |
251113s1999 xo ap r yy slo |
| 015 |
|
|
|a SNBA1999/12-04743
|
| 020 |
|
|
|a 8022712418
|c 40,00 Sk
|
| 035 |
|
|
|a SNK000328392
|
| 035 |
|
|
|a urn:nbn:sk:snk-amtk8z
|
| 035 |
|
|
|a urn:nbn:sk:snk-am00c7hq
|
| 035 |
|
|
|a E541EF94-1500-4F55-B4B2-A6B678E9E7B8
|
| 040 |
|
|
|a SNK
|b slo
|c SNK
|e AACR2
|
| 041 |
0 |
|
|a slo
|
| 044 |
|
|
|a xo
|c SK
|
| 080 |
|
|
|a 621.37/.38(075.8)(076.5)
|2 1981
|
| 100 |
1 |
|
|a Žiška, Milan,
|d 1952-
|4 aut
|9 230649
|
| 245 |
1 |
0 |
|a Elektronické prvky
|b návody na cvičenia a prípravu projektov
|c Milan Žiška, Ľubica Stuchlíková
|
| 260 |
|
|
|a V Bratislave
|b Slovenská technická univerzita
|c 1999
|
| 300 |
|
|
|a 230 s.
|b sch., tab.
|c 29 cm
|
| 490 |
1 |
|
|a Edícia skrípt
|
| 500 |
|
|
|a 500 výt.
|
| 504 |
|
|
|a Bibliogr. s. 226
|
| 650 |
0 |
7 |
|a elektronické prvky
|2 SNKPH
|9 87844
|
| 655 |
|
7 |
|a učebnice vysokých škôl
|2 SNKPH
|9 70191
|
| 700 |
1 |
|
|a Stuchlíková, Ľubica,
|d 1967-
|4 aut
|9 219550
|
| 752 |
|
|
|d Bratislava
|
| 810 |
2 |
|
|a Slovenská technická univerzita v Bratislave
|t Edícia skrípt
|9 180632
|
| 919 |
|
|
|a 80-227-1241-8
|
| 958 |
|
|
|a TL
|
| 958 |
|
|
|a NB
|
| 958 |
|
|
|a UV
|
| 958 |
|
|
|a OND
|
| 999 |
|
|
|c 980236
|d 982166
|
| 952 |
|
|
|t P60, <03>, [BOOK], {603}
|a SNK
|b SNK
|y PREZ
|7 0
|p 17A0214217
|o snkSB 60873
|i snkKSP 10078/99
|0 0
|1 0
|4 0
|d 1999-10-14
|f 1
|l 0
|r 2025-04-11 00:00:00
|w 2026-02-24
|
| 952 |
|
|
|t P60, <04>, [BOOK], {604}
|a SNK
|b SNK
|y VYP
|7 0
|p 17A0214218
|o snkSB 60873 D1
|i snkKSP 10079/99
|0 0
|1 0
|4 0
|d 1999-10-14
|l 0
|r 2005-01-02 00:00:00
|w 2026-02-24
|